00478nam a2200133Ia 4500008004100000020001800041050002700059100001800086245009000104260005100194300002900245500006300274521000700337140609s9999 xx 000 0 und d a9789712721816 aJQ 1419.A45b.K37 2009 aKasuya, Yuko. aPresidential bandwagon :bparties and party systems in the Philippines /cYuko Kasuya aPasig City, Philippines :bAnvil Pub.,cc2009. a247 p. :bill. ;c23 cm. aIncludes appendices, bibliographical references and index. aGE